| 000 | 00934cab a2200253 4500 | ||
|---|---|---|---|
| 001 | ABS57835 | ||
| 008 | 090401t1997 xxu||||| |||| 00| 0 eng d | ||
| 035 | _a(Sirsi) u81913 | ||
| 041 | _aeng | ||
| 245 | _aHepworth Building Products Ltd (formerly Ellistown Pipes Ltd) v Coal Authority (formerly British Coal) | ||
| 260 | _c1997 | ||
| 350 | _a0 | ||
| 490 |
_aRating & Valuation Reporter _v[1997] RVR 207-218(12) |
||
| 520 | _aLT 1 August 1997. Regarding compensation for damage to a vehicle repair and maintenance garage by coal mining subsidence. Comparison of value in 1980 with 1986. H claiming compensation of £46,800. Held, compensation payable was £38,000. | ||
| 650 | _aCAR REPAIR WORKSHOP | ||
| 650 | _aCOAL MINING | ||
| 650 | _aCOMPENSATION | ||
| 650 | _aDAMAGE | ||
| 650 | _aMINING SUBSIDENCE | ||
| 650 |
_aValuation _96273 |
||
| 690 | _aRATING AND VALUATION-CASE LAW | ||
| 942 | _n0 | ||
| 948 | _c04/11/1997 | ||
| 999 |
_c51654 _d51654 |
||